000 00579nam a2200193Ia 4500
003 GCL
008 140319s9999 xx 000 0 eng d
020 _a0792227336
040 _aGCL /
_cGCL
082 0 4 _a970
_bB E
100 1 _aCHADWICH, DOUGLAS H
245 1 0 _aENDURING AMERICA /
_cCHADWICH, DOUGLAS H
260 _aنيويورك :
_bNATIONAL GEOGRAPHIC SOCIETY ،
_c1995
300 _a200 P
_bILLS. ؛
_c26 cm.
650 0 4 _aNORTH AMERICA - PICTORIAL WORKS
650 0 4 _aNATURAL HISTORY - NORTH AMERICA
650 0 4 _aNATURAL HISTORY - POLITICAL WORKS
942 _2ddc
_cBK
999 _c4685
_d4685